00325nam a2200133Ia 4500008004100000041000800041082001700049100002500066245002900091260002200120300000800142365001600150700002500166230718s9999 xx 000 0 und d aeng a005.678bSHA aSharma S.K. (Editor) aSCM In The Internet Age c2005bICFAI Books a204 cRs.b350.00 aSharma S.K. (Editor)